| 000 -LEADER |
| fixed length control field |
02068cam a2200409 a 4500 |
| 001 - CONTROL NUMBER |
| control field |
1669416 |
| 005 - DATE AND TIME OF LATEST TRANSACTION |
| control field |
20170204094221.0 |
| 008 - FIXED-LENGTH DATA ELEMENTS--GENERAL INFORMATION |
| fixed length control field |
980309s1998 gw a bc 000 0 eng |
| 010 ## - LIBRARY OF CONGRESS CONTROL NUMBER |
| LC control number |
98011584 |
| 020 ## - INTERNATIONAL STANDARD BOOK NUMBER |
| International Standard Book Number |
3791319299 (cloth : acidfree paper) |
| 020 ## - INTERNATIONAL STANDARD BOOK NUMBER |
| International Standard Book Number |
0916724972 (pbk. not available to the trade) |
| 041 1# - LANGUAGE CODE |
| Language code of text/sound track or separate title |
eng |
| Language code of original |
ger |
| 043 ## - GEOGRAPHIC AREA CODE |
| Geographic area code |
e-gx--- |
| 050 00 - LIBRARY OF CONGRESS CALL NUMBER |
| Classification number |
NC249 .S4813 1998 |
| 100 1# - MAIN ENTRY--PERSONAL NAME |
| Personal name |
Sieveking, Hinrich. |
| 240 10 - UNIFORM TITLE |
| Uniform title |
<a href="Von Füssli bis Menzel.">Von Füssli bis Menzel.</a> |
| Language of a work |
English |
| 245 10 - TITLE STATEMENT |
| Title |
Fuseli to Menzel : |
| Remainder of title |
drawings and watercolors in the age of Goethe from a German private collection / |
| Statement of responsibility, etc. |
Hinrich Sieveking ; [translated from the German by Thomas Dunlap (essays and catalogue entries) and John Gabriel (biographies)]. |
| 260 ## - PUBLICATION, DISTRIBUTION, ETC. (IMPRINT) |
| Place of publication, distribution, etc. |
Munich ; |
| -- |
New York : |
| Name of publisher, distributor, etc. |
Prestel, |
| Date of publication, distribution, etc. |
1998. |
| 300 ## - PHYSICAL DESCRIPTION |
| Extent |
232 p. : |
| Other physical details |
ill. (some col.) ; |
| Dimensions |
31 cm. |
| 500 ## - GENERAL NOTE |
| General note |
Exhibition held at Busch-Reisinger Museum, Cambridge, from Apr. 4 to June 7, 1998, the Frick Collection, New York, June 23 to Aug. 30, 1998, and the J. Paul Getty Museum, Los Angeles from Sept. 15 to Nov. 29, 1998. |
| 500 ## - GENERAL NOTE |
| General note |
"In cooperation with the Busch-Reisinger Museum, Harvard University Art Museums, Cambridge, Massachusetts". |
| 504 ## - BIBLIOGRAPHY, ETC. NOTE |
| Bibliography, etc |
Includes bibliographical references and index. |
| 600 10 - SUBJECT ADDED ENTRY--PERSONAL NAME |
| Personal name |
Winterstein, Alfred, |
| Dates associated with a name |
1895-1976 |
| General subdivision |
Art collections |
| Form subdivision |
Exhibitions. |
| 650 #0 - SUBJECT ADDED ENTRY--TOPICAL TERM |
| Topical term or geographic name as entry element |
Drawing, German |
| Chronological subdivision |
18th century |
| Form subdivision |
Exhibitions. |
| 650 #0 - SUBJECT ADDED ENTRY--TOPICAL TERM |
| Topical term or geographic name as entry element |
Drawing, German |
| Chronological subdivision |
19th century |
| Form subdivision |
Exhibitions. |
| 650 #0 - SUBJECT ADDED ENTRY--TOPICAL TERM |
| Topical term or geographic name as entry element |
Drawing |
| General subdivision |
Private collections |
| Geographic subdivision |
Germany |
| -- |
Munich |
| Form subdivision |
Exhibitions. |
| 710 2# - ADDED ENTRY--CORPORATE NAME |
| Corporate name or jurisdiction name as entry element |
Busch-Reisinger Museum. |
| 710 2# - ADDED ENTRY--CORPORATE NAME |
| Corporate name or jurisdiction name as entry element |
Frick Collection. |
| 710 2# - ADDED ENTRY--CORPORATE NAME |
| Corporate name or jurisdiction name as entry element |
J. Paul Getty Museum. |
| 942 ## - ADDED ENTRY ELEMENTS (KOHA) |
| Source of classification or shelving scheme |
|
| Koha item type |
Hard Covered Materials |